| 000 | 02570nas a22003497a 4500 | ||
|---|---|---|---|
| 001 | VMC051 | ||
| 003 | MEC | ||
| 005 | 20260112154505.0 | ||
| 008 | 150608d18601863tu sr|p||||||||| ||arm|d | ||
| 040 |
_aAM-YeHGA _barm _cAM-YeNLA |
||
| 041 | 0 | _aarm | |
| 245 | 0 | 0 |
_aԹՈՒԹԱԿ ՀԱՅԱՍՏԱՆ ԱՇԽԱՐՀԻ ։ _bՏետր Ազգասիրական, Բարոյական ԵՒ Զուարճալի Գիտելեաց / _cՇարագիր-տնօէն՝ Ա. Մ․ Հիւսէյինճեան. |
| 260 |
_aՏպեալ Ի Կոսատնդնուպօլիս ։ _bԻ գործարանի Ճէրիտէի հաւատիս լրագրոյ, _c1860. |
||
| 300 |
_a8 երես, _c21 x 14 սմ․ _b(1 - 3). |
||
| 362 | 0 | _a1860. | |
| 505 |
_aՅուլիս 1, 1860, թիւ 1։ _gՄարիաց 18, ՌՅԹ․ ՏԱՐԻ Ա։<br/> _tԹութակ Հայաստան աշխարհի․ |
||
| 505 |
_aՅուլիս 16, 1860, թիւ 2։ _gՀրոտից 3, ՌՅԹ․ ՏԱՐԻ Ա։<br/> _tԹութակ Հայաստան աշխարհի․ |
||
| 505 |
_aՕգոստոս 1, 1860, թիւ 3։ _gՀրոտից 19, ՌՅԹ․ ՏԱՐԻ Ա։<br/> _tԹութակ Հայաստան աշխարհի․ |
||
| 546 | _aԲնագիրը՝ հայերէն | ||
| 563 | _a1860 թ․ թիւերը կազմուած եւ ամփոփուած են մէկ առանձին թղթածրարում. դասիչը <b>բացակայ է</b>: <b>Վիեննական Մխիթարեան Մենաստանում</b> առկայ են․<br/> | ||
| 563 | _a<b>1860 թուական</b>: Մարիաց 18, ՌՅԹ, Տարի Ա․<a href= " https://arar.sci.am/dlibra/publication/300747/edition/275670?language=hyw" target="_blank"> <b> թիւ 1 </b> </a> ( Յուլիս 1), Հրոտից 3, ՌՅԹ, Տարի Ա․<a href= " https://arar.sci.am/dlibra/publication/300748/edition/275671?language=hyw" target="_blank"> <b> թիւ 2 </b> </a> ( Յուլիս 16), Հրոտից 3, ՌՅԹ, Տարի Ա․<a href= " https://arar.sci.am/dlibra/publication/300749/edition/275672?language=hyw" target="_blank"> <b> թիւ 3 </b> </a> ( Օգոստոս 1): | ||
| 650 | 4 |
_aԳրական մամուլ _yXIX դ _y1860 _vՊարբերականներ |
|
| 650 | 4 | _aտպ. "Ճէրիտէի հաւատիս" լրագրոյ | |
| 651 | 4 | _aԻսթամպուլ | |
| 651 | 4 | _aԹուրքիա | |
| 651 | 4 | _aԵւրոպա | |
| 655 | 4 | _aԱմսագիր | |
| 700 | 1 |
_aՀիւսէյինճեան, Ա. Մ․ _eխմբ. |
|
| 856 | 4 | 1 |
_yԿարդալ առցանց - Read Online - Online lesen - Leggi online _uhttps://arar.sci.am/dlibra/publication/300746?language=hyw#structure |
| 942 |
_2udc _cP _n0 |
||
| 999 |
_c46 _d46 |
||